01235nam a2200265Ia 450000500170000000800410001702000150005804100080007310000240008124500830010525000220018830000390021049000290024952003680027865000410064665000410068765000350072870000420076326400300080533600270083533700330086233800280089504000350092308400110095820220316235751.0121119s2002 ck a gr 000 j spa  a95880619380 aspa1 aVasco, Irened1952-10aAtchu y el dedo de EstefaníacIrene Vasco ; ilustraciones, Esperanza Vallejo aPrimera edición a20 páginasbilustracionesc24 cm0 aPalabras que acompañan2 aDe lunes a sábado el dedo de Estefanía es de todos los colores y tiene un sabor diferente. Tiene cuatro años, cuatro meses y cuatro días, ¡Ya es hora de que deje de chupar dedo! Isabel y María del Sol no se quedan atrás. Una con su ángel de la guarda y la otra con su Gata Nata, hacen cosas que, según sus papás, no son tan buenas para la salud14aCuentos infantiles colombianos2LEMB14aLiteratura infantil colombiana2LEMB14aAngeles en la literatura2LEMB1 aVallejo, Esperanzad1951-eilustrador aBogotábAlfaguarac2002 atextobtxt2rdacontent asin mediaciónbn2rdamedia avolumenbnc2rdacarrier aCO-BoRNBPbspaerdacCO-BoRNBP aC VAS1